Advanced computer architectures (Record no. 5427)
[ view plain ]
| 000 -LEADER | |
|---|---|
| fixed length control field | 00821 a2200205 4500 |
| 020 ## - INTERNATIONAL STANDARD BOOK NUMBER | |
| International Standard Book Number | 0-8493-3758-5 |
| 020 ## - INTERNATIONAL STANDARD BOOK NUMBER | |
| International Standard Book Number | 978-0-8493-3758-1 |
| 040 ## - CATALOGING SOURCE | |
| Original cataloging agency | DLC |
| Language of cataloging | DLC |
| 082 00 - DEWEY DECIMAL CLASSIFICATION NUMBER | |
| Classification number | 004.2/2 |
| 100 1# - MAIN ENTRY--PERSONAL NAME | |
| Personal name | Shiva, Sajjan G. |
| 245 10 - TITLE STATEMENT | |
| Title | Advanced computer architectures |
| Statement of responsibility, etc. | Sajjan G. Shiva |
| 260 ## - PUBLICATION, DISTRIBUTION, ETC. | |
| Place of publication, distribution, etc. | Boca Raton : |
| Name of publisher, distributor, etc. | CRC Taylor & Francis, |
| Date of publication, distribution, etc. | 2006 |
| 300 ## - PHYSICAL DESCRIPTION | |
| Extent | xiv, 335 p. : |
| Other physical details | ill. ; |
| Dimensions | 25 cm. |
| 505 0# - FORMATTED CONTENTS NOTE | |
| Formatted contents note | Introduction -- Uniprocessor architecture overview -- Models and terminology -- Pipelining -- Vector processors -- Array processors -- Multiprocessor systems -- Current directions. |
| 650 #0 - SUBJECT ADDED ENTRY--TOPICAL TERM | |
| Topical term or geographic name entry element | Computer architecture |
| 650 #0 - SUBJECT ADDED ENTRY--TOPICAL TERM | |
| Topical term or geographic name entry element | Parallel computers |
| 650 #0 - SUBJECT ADDED ENTRY--TOPICAL TERM | |
| Topical term or geographic name entry element | High performance computing |
| 856 42 - ELECTRONIC LOCATION AND ACCESS | |
| Materials specified | Publisher description |
| Uniform Resource Identifier | <a href="http://www.loc.gov/catdir/enhancements/fy0648/2005049280-d.html">http://www.loc.gov/catdir/enhancements/fy0648/2005049280-d.html</a> |
| 942 ## - ADDED ENTRY ELEMENTS (KOHA) | |
| Koha item type | Book |
| Call number prefix | 004.22 SHI |
| Source of classification or shelving scheme | |
| Withdrawn status | Lost status | Damaged status | Not for loan | Collection code | Permanent Location | Current Location | Shelving location | Date acquired | Source of acquisition | Cost, normal purchase price | Total Checkouts | Total Renewals | Full call number | Barcode | Date last seen | Date last checked out | Price effective from | Koha item type |
|---|---|---|---|---|---|---|---|---|---|---|---|---|---|---|---|---|---|---|
| Central Library (CL) | Central Library (CL) | First Floor - Data Communication/Network/Architecture | 01/16/2006 | Pak Book Corporation | 4659.03 | 1 | 3 | 004.22 SHI | SEECS006801 | 02/16/2026 | 01/24/2020 | 01/05/2017 | Book | |||||
| Central Library (CL) | Central Library (CL) | First Floor - Data Communication/Network/Architecture | 09/19/2007 | A & J Def Tek Concultants | 5068.97 | 1 | 004.22 SHI | SEECS008607 | 09/05/2016 | 08/24/2016 | 01/05/2017 | Book |
